Designing with solar power : (Record no. 4504)

000 -LEADER
fixed length control field 01225cam a22003137a 4500
005 - DATE AND TIME OF LATEST TRANSACTION
control field 20200309133021.0
008 - FIXED-LENGTH DATA ELEMENTS--GENERAL INFORMATION
fixed length control field 051229s2005 at a b 001 0 eng d
010 ## - LIBRARY OF CONGRESS CONTROL NUMBER
LC control number 2005284598
020 ## - INTERNATIONAL STANDARD BOOK NUMBER
International Standard Book Number 1844071472 (Earthscan)
020 ## - INTERNATIONAL STANDARD BOOK NUMBER
International Standard Book Number 1876907177 (Images)
035 ## - SYSTEM CONTROL NUMBER
System control number (OCoLC)ocm53821756
040 ## - CATALOGING SOURCE
Original cataloging agency UKM
Transcribing agency UKM
Modifying agency OCLCQ
-- C#P
-- OCL
-- BAKER
-- MUQ
-- DLC
042 ## - AUTHENTICATION CODE
Authentication code lccopycat
050 00 - LIBRARY OF CONGRESS CALL NUMBER
Classification number TK1087
Item number .D475 2005
082 04 - DEWEY DECIMAL CLASSIFICATION NUMBER
Classification number 621.31244
Edition number 21
Item number PRA
245 00 - TITLE STATEMENT
Title Designing with solar power :
Remainder of title a source book for building integrated photovoltaics (BiPV) /
Statement of responsibility, etc editors, Deo Prasad & Mark Snow.
260 ## - PUBLICATION, DISTRIBUTION, ETC. (IMPRINT)
Place of publication, distribution, etc Mulgrave, Vic. :
Name of publisher, distributor, etc Images ;
Place of publication, distribution, etc London ;
-- Sterling, VA :
Name of publisher, distributor, etc Earthscan,
Date of publication, distribution, etc 2005.
300 ## - PHYSICAL DESCRIPTION
Extent 252 p. :
Other physical details col. ill. ;
Dimensions 31 cm.
504 ## - BIBLIOGRAPHY, ETC. NOTE
Bibliography, etc Includes bibliographical references (p. 239-249) and index.
650 #0 - SUBJECT ADDED ENTRY--TOPICAL TERM
Topical term or geographic name as entry element Building-integrated photovoltaic systems.
650 #0 - SUBJECT ADDED ENTRY--TOPICAL TERM
Topical term or geographic name as entry element Architecture
General subdivision Environmental aspects.
650 #6 - SUBJECT ADDED ENTRY--TOPICAL TERM
Topical term or geographic name as entry element Électrification photovoltaïque.
650 #6 - SUBJECT ADDED ENTRY--TOPICAL TERM
Topical term or geographic name as entry element Architecture
General subdivision Aspect de l'environnement.
700 1# - ADDED ENTRY--PERSONAL NAME
Personal name Prasad, Deo K.
700 1# - ADDED ENTRY--PERSONAL NAME
Personal name Snow, Mark,
Titles and other words associated with a name Dr.
906 ## - LOCAL DATA ELEMENT F, LDF (RLIN)
a 7
b cbc
c copycat
d 2
e ncip
f 20
g y-gencatlg
942 ## - ADDED ENTRY ELEMENTS (KOHA)
Source of classification or shelving scheme
955 ## - COPY-LEVEL INFORMATION (RLIN)
Classification number, CCAL (RLIN) pv17 2005-12-29 z-processor to ASCD
-- jx00 2005-12-31
Copy status, CST (RLIN) jx03 2006-02-01
Holdings
Withdrawn status Lost status Damaged status Koha normalized classification for sorting Not for loan Permanent location Current location Date acquired Cost, normal purchase price Total Checkouts Full call number Barcode Date last seen Date last borrowed Price effective from Koha item type Source of classification or shelving scheme
      621_312440000000000   BMS College of Architecture, Design and Planning BMS College of Architecture, Design and Planning 2020-03-03 4224.00 1 621.31244 CL-UG69497 2023-05-26 2022-07-27 2020-03-03 UG Books from CL  
      621_312440000000000   BMS College of Architecture, Design and Planning BMS College of Architecture, Design and Planning 2020-03-03 4224.00   621.31244 AR-UG1631 2020-03-09   2020-03-09 UG Books  
Copyright © 2025, The Librarian, Library and Information Centre, BMSCA D&P, Bengaluru. All Rights Reserved
web counter

Powered by Koha